| 000 | 00771nam a2200193 a 4500 | ||
|---|---|---|---|
| 005 | 20240924065823.0 | ||
| 008 | 991125s1965 mx 000 0 spa u | ||
| 035 | _aUPN01000010723 | ||
| 049 | _aSEP | ||
| 050 | 4 |
_aL227 _bM2 1965 |
|
| 110 | 1 |
_aMéxico. _bSecretaría de Educación Pública |
|
| 245 | 1 | 0 |
_aConclusiones y recomendaciones sobre la educación media formulados en seminarios y reuniones interamericanos : _beducación media ; educación secundaria ; educación técnica / _cSecretaría de Educación Pública. |
| 260 |
_aMéxico : _bSEP : _bUnión Panamericana, _c1965 |
||
| 300 | _a73 p | ||
| 440 | 0 |
_aDocumento ; _v2 |
|
| 650 | 4 |
_aEducación secundaria _zAmérica Latina _915154 |
|
| 650 | 4 |
_aEnseñanza técnica _zAmérica Latina _920096 |
|
| 905 | _aLibro | ||
| 999 |
_c10723 _d10723 |
||